|
|
|
|
| LEADER |
00000nam a22000007a 4500 |
| 005 |
20220818225217.0 |
| 007 |
cr|||| |||| |
| 008 |
220818s2020 pe |||||s|||| 00||0 spa d |
| 020 |
|
|
|a 9786123251178
|
| 035 |
|
|
|a 36891
|
| 040 |
|
|
|a vLex
|
| 090 |
|
|
|c 13754
|d 13754
|
| 100 |
1 |
|
|a Abad Yupanqui, Samuel
|
| 245 |
1 |
0 |
|a Manual de Derecho Procesal Constitucional
|h [Recurso electrn̤ico] /
|c Samuel Abad Yupanqui
|
| 256 |
|
|
|a Servicio en ln̕ea
|
| 260 |
|
|
|a Lima:
|b Palestra Editores,
|c 2020
|
| 300 |
|
|
|a 1 recurso electrn̤ico
|
| 500 |
|
|
|a El Derecho Procesal Constitucional ha adquirido en los l︢timos aǫs especial relevancia, entre otros aspectos, debido al impacto de la jurisprudencia constitucional, especialmente aquella del Tribunal Constitucional, en funciones desde junio de 1996, y la vigencia desde hace quince aǫs del Cd̤igo Procesal Constitucional. En este contexto, aparece el presente Manual de Derecho Procesal Constitucional, el cual busca acercar a sus lectores y lectoras al estudio del Derecho Procesal Constitucional y los diversos aspectos ter̤icos y prc̀ticos que comprende. Para ello, el autor aborda una serie de conceptos y figuras como la jurisdiccin̤ constitucional, los tipos de sentencias y procesos en el m̀bito constitucional, entre otros. Asimismo, realiza un recuento de los antecedentes del Derecho Procesal Constitucional en el Per ︢para luego explicar su diseǫ y actual funcionamiento. Por l︢timo, esta obra aporta ideas para el debate de la reforma de los procesos constitucionales de cara a los retos que an︢ quedan pendientes.
|
| 506 |
1 |
|
|a Disponible solo en los productos indicados
|d vLex Global
|d vLex Global (Academic Edition, excluding Law Schools)
|d vLex Global (U.S. Academic Edition, Law Schools)
|d vLex Global (U.S. Academic Edition, excluding Law Schools)
|d vLex Global (Academic Edition, Law Schools)
|
| 650 |
0 |
4 |
|a Derecho Constitucional
|z Per︢
|
| 740 |
0 |
|
|a vLex Libros (Servicio en ln̕ea)
|
| 856 |
4 |
0 |
|u https://app.vlex.com/#/sources/36891
|z Acceso restringido
|
| 942 |
|
|
|c BOOK
|
| 999 |
0 |
|
|a Constitutional right
|